Castellano 6
Salvato in:
| Autori principali: | , |
|---|---|
| Natura: | Libro |
| Lingua: | spagnolo |
| Pubblicazione: |
Santiago
Arrayán
1993
|
| Edizione: | 12a. ed |
| Soggetti: | |
| Tags: |
Aggiungi Tag
Nessun Tag, puoi essere il primo ad aggiungerne!!
|
MARC
| LEADER | 00000nam a2200000 a 4500 | ||
|---|---|---|---|
| 001 | UCZ6594 | ||
| 003 | CL-VaPUC | ||
| 008 | 951211e19931200CL |||||||||||||||||spa|d | ||
| 082 | 0 | 4 | |a 372.6 |b ALO |2 21 |
| 100 | 0 | |a Alonso Borda, Carmen |e author |9 350992 | |
| 700 | 0 | |a Masramon Ordis, Carmen |e author |9 350993 | |
| 245 | 1 | 0 | |a Castellano 6 |
| 250 | |a 12a. ed | ||
| 300 | |a 16 p | ||
| 942 | |c BK | ||
| 945 | |d 19951211 00:00:00 |a lriquelm | ||
| 260 | |a Santiago |b Arrayán |c 1993 | ||
| 500 | |a Guía del profesor | ||
| 650 | 0 | |a Libros de texto |9 270019 | |
| 650 | 7 | |a LIBROS DE LECTURA |2 CL-VaPUC |9 309008 | |
| 650 | 7 | |a GUIAS PEDAGOGICAS |2 CL-VaPUC |9 350994 | |
| 650 | 0 | |a Profesores |9 308968 | |
| 650 | 0 | |a Rol del docente |9 329733 | |
| 583 | |a last modification |c 19951211 00:00:00 |k Rodrigo Vera | ||
| 999 | |c 242791 |d 242789 | ||
| 952 | |0 0 |1 0 |4 0 |6 372_600000000000000_ALO_1993 |7 0 |8 P |9 255972 |a BIBEDU |b BIBEDU |c BIBEDU_PB |d 2019-11-19 |i 1604511 |o 372.6 ALO 1993 |p 1604511 |r 2024-01-25 |w 2019-11-19 |y BK |k EDU | ||